Mecánica cuántica / (Record no. 83791)

MARC details
000 -LEADER
campo de control de longitud fija 00716nam a2200205 i 4500
001 - NÚMERO DE CONTROL
campo de control 83791
003 - IDENTIFICADOR DE NÚMERO DE CONTROL
campo de control ES-MaACL
005 - FECHA Y HORA DE LA ÚLTIMA TRANSACCIÓN
campo de control 20250815103308.0
007 - CAMPO FIJO DE DESCRIPCIÓN FÍSICA--INFORMACIÓN GENERAL
campo de control de longitud fija t|
008 - DATOS DE LONGITUD FIJA--INFORMACIÓN GENERAL
campo de control de longitud fija 041118s1949 sp ||||1| spa d
100 1# - ENTRADA PRINCIPAL--NOMBRE DE PERSONA
Nombre de persona Iñiguez Almech, José María.
9 (RLIN) 65372
245 10 - MENCIÓN DEL TÍTULO
Título Mecánica cuántica /
Mención de responsabilidad, etc. por José María Iñiguez Almech.
260 ## - PUBLICACIÓN, DISTRIBUCIÓN, ETC.
Lugar de publicación, distribución, etc. Zaragoza :
Nombre del editor, distribuidor, etc. El Noticiero,
Fecha de publicación, distribución, etc. 1949.
300 ## - DESCRIPCIÓN FÍSICA
Extensión XIII, 522 p., 1 lám. ;
Dimensiones 24 cm.
490 1# - MENCIÓN DE SERIE
Mención de serie Memorias de la Academia de Ciencias de Zaragoza. Serie 2ª. Memoria 2ª
650 07 - PUNTO DE ACCESO ADICIONAL DE MATERIA--TÉRMINO DE MATERIA
Término de materia o nombre geográfico como elemento de entrada Mecánica cuántica
Fuente del encabezamiento o término embne
9 (RLIN) 14872
830 00 - PUNTO DE ACCESO ADICIONAL DE SERIE-TÍTULO UNIFORME
Título uniforme Memorias de la Academia de Ciencias de Zaragoza
9 (RLIN) 231640
852 ## - LOCALIZACIÓN
Ubicación ES-MaACL
Número de control de estantería D-6829
Sublocalización o colección R.28739
Holdings
Estatus retirado Estado de pérdida Estado de daño No para préstamo Biblioteca de origen Biblioteca actual Ubicación en estantería Fecha de adquisición Fuente de adquisición Total de préstamos Signatura topográfica completa Código de barras Visto por última vez Precio de reemplazo Tipo de ítem Koha
        Biblioteca del Ateneo de Madrid Biblioteca del Ateneo de Madrid Sala Valle Inclán 17/01/2008     D-6829 901087571 23/02/2023 23/02/2023 Libro impreso